Normal view
MARC view
- Telecommunication Engineering
Entry Topical Term
001 - CONTROL NUMBER
- control field: 8955
003 - CONTROL NUMBER IDENTIFIER
- control field: NUST
005 - DATE AND TIME OF LATEST TRANSACTION
- control field: 20180118183352.0
008 - FIXED-LENGTH DATA ELEMENTS
- fixed length control field: 180118|| aca||aabn | a|a d
040 ## - CATALOGING SOURCE
- Original cataloging agency: NUST
- Transcribing agency: NUST
150 ## - HEADING--TOPICAL TERM
- Topical term or geographic name entry element: Telecommunication Engineering
670 ## - SOURCE DATA FOUND
- Source citation: Work cat.: (NUST)181901: Diefenderfer, A. James. Diefenderfer, A. James. 8954, Principles of electronic instrumentation , 1979.
